Seed ecology: Proceedings of the nineteenth easter school in agricultural science, University of Nottingham, 1972 (Record no. 31671)

MARC details
000 -LEADER
fixed length control field 00396nam a2200121Ia 4500
082 ## - DEWEY DECIMAL CLASSIFICATION NUMBER
Classification number 581.48:581.5(06)
Item number HEY
245 #0 - TITLE STATEMENT
Title Seed ecology: Proceedings of the nineteenth easter school in agricultural science, University of Nottingham, 1972
260 ## - PUBLICATION, DISTRIBUTION, ETC. (IMPRINT)
Place of publication London
Name of publisher Butterworths
Year of publication 1973
650 ## - SUBJECT ADDED ENTRY--TOPICAL TERM
Topical Term Seed ecology
700 ## - ADDED ENTRY--PERSONAL NAME
Personal name HEYDECKER, W
942 ## - ADDED ENTRY ELEMENTS (KOHA)
Koha item type Books
Holdings
Withdrawn status Lost status Damaged status Not for loan Home library Current library Date acquired Full call number Accession Number Koha item type
        RRII Library RRII Library 16/12/2021 581.48:581.5(06) HEY 12212 Books